| 000 | 01002nam a22002657a 4500 | ||
|---|---|---|---|
| 005 | 2010081702232.0 | ||
| 010 | _aENG-100668 | ||
| 020 |
_a9788174766304 _c295.00 |
||
| 035 | _aEN-84201 | ||
| 037 | _bDBAD/PUB | ||
| 082 | _a954.0842 | ||
| 100 |
_aMaini, Tridivesh Singh _914342 |
||
| 245 |
_aHumanity amidst insanity : _bhope during and after the Indo-Pak partition / _cby Tridivesh Singh Maini, Tahir Javed Malik [and] Ali Farooq Malik |
||
| 260 |
_aNew Delhi _bUBS Publishers _c2009 |
||
| 270 |
_a5 Ansari Road _bNew Delhi _e110002 |
||
| 300 |
_axi,186p. _c22cm (pbk) |
||
| 500 | _aincludes bibliographical references | ||
| 650 | _zIndia | ||
| 650 |
_zPakistan _914343 |
||
| 650 |
_zPartition of India _914344 |
||
| 700 |
_aMalik, Tahir Javed _914345 |
||
| 700 |
_aMalik, Ali Farooq _914346 |
||
| 942 |
_2ddc _cEN _h954.0842 _mMAI |
||
| 999 |
_c42281 _d42281 |
||